MARC details
| 000 -CABECERA |
| campo de control de longitud fija |
01077nam a2200229 a 4500 |
| 005 - FECHA Y HORA DE LA ÚLTIMA TRANSACCIÓN |
| campo de control |
20260415064213.0 |
| 008 - ELEMENTOS DE LONGITUD FIJA--INFORMACIÓN GENERAL |
| campo de control de longitud fija |
041203s2004 mx r 000 0 spa d |
| 035 ## - NÚMERO DE CONTROL DEL SISTEMA |
| Número de control de sistema |
UPN01000136912 |
| 049 ## - COLECCIÓN |
| Colección |
SEP |
| 050 #4 - SIGNATURA TOPOGRÁFICA DE LA BIBLIOTECA DEL CONGRESO |
| Número de clasificación |
LB2000.29 A1 |
| Número de documento/Ítem |
J3.7 |
| 100 1# - ASIENTO PRINCIPAL--NOMBRE PERSONAL |
| Nombre de persona |
Jarillo González, Remigio |
| 9 (RLIN) |
28778 |
| 245 10 - MENCIÓN DE TÍTULO |
| Título |
Fortalecimiento de la educación inicial y preescolar en Iztapalapa : |
| Resto del título |
fase III : la mejora sostenida del aprendizaje, la enseñanza y la gestión escolar : taller general de actualización educación preescolar : 2004-2005 / |
| Mención de responsabilidad, etc. |
Remigio Jarillo González, Laura Montalvo Díaz, Edgar Monsalvo Gutiérrez. |
| 260 ## - PUBLICACIÓN, DISTRIBUCIÓN, ETC. |
| Lugar de publicación, distribución, etc. |
México : |
| Nombre del editor, distribuidor, etc. |
SEP, Subsecretaría de Servicios Educativos para el Distrito Federal, Dirección General de Servicios Educativos Iztapalapa, |
| Fecha de publicación, distribución, etc. |
2004. |
| 300 ## - DESCRIPCIÓN FÍSICA |
| Extensión |
34 p. : |
| Otras características físicas |
il., tablas |
| 650 #4 - ASIENTO SECUNDARIO DE MATERIA - TERMINO TEMATICO |
| Término de materia o nombre geográfico como elemento de entrada |
Evaluación educativa |
| 9 (RLIN) |
4298 |
| 650 #4 - ASIENTO SECUNDARIO DE MATERIA - TERMINO TEMATICO |
| Término de materia o nombre geográfico como elemento de entrada |
Educación |
| Subdivisión general |
Fines y objetivos |
| 9 (RLIN) |
4837 |
| 650 #4 - ASIENTO SECUNDARIO DE MATERIA - TERMINO TEMATICO |
| Término de materia o nombre geográfico como elemento de entrada |
Educación preescolar |
| 9 (RLIN) |
1517 |
| 700 1# - ASIENTO SECUNDARIO--NOMBRE DE PERSONAL |
| Nombre de persona |
Montalvo Díaz, Laura. |
| Término indicativo de función/relación |
coaut. |
| 700 1# - ASIENTO SECUNDARIO--NOMBRE DE PERSONAL |
| Nombre de persona |
Monsalvo Gutiérrez, Edgar, |
| Término indicativo de función/relación |
coaut. |
| 905 ## - TIPO DE MATERIAL |
| Tipo de material |
Libro |